The Oxford 3000 - Letter J - Translate from Polish to English - Statystyki

Ogólne statystyki
  • Ten quiz został rozwiązany 24 razy
  • Średni wynik to 19 z 23
Statystyki odpowiedzi
Polish Angielski % Poprawnych
kurtka; marynarka jacket
100%
Styczeń January
100%
jazz jazz
100%
dżinsy jeans
100%
żart; dowcip; kawał; żartować joke
100%
sok juice
100%
skok; przeskok; podskok; wyskok; skakać; przeskakiwać; podskakiwać; wyskakiwać jump
100%
Czerwiec June
100%
stanowisko; praca; robota; posada job
94%
Lipiec July
94%
dżem; konfitura jam
88%
dziennikarz journalist
88%
sędzia; osądzać; sędziować judge
88%
tylko; właśnie; po prostu just
88%
dołączyć; przyłączyć; przystąpić join
81%
sprawiedliwość justice
81%
dziennik journal
75%
podróż; wyprawa journey
75%
radość joy
75%
usprawiedliwiać; uzasadniać justify
63%
biżuteria jewelry
44%
osąd; wyrok; orzeczenie judgment
44%
młodszy junior
44%
Nie znaleziono quizów pasujących do podanych kryteriów
Rozkład punktacji
Procent ludzi z każdym wynikiem
Percentyl według liczby udzielonych odpowiedzi
Twoja historia wyników
Nie rozwiązałeś tego quizu